Devinez les footballeurs par leur parcours #1 - Statistiques

Statistiques générales
  • Ce quiz a été pris 414 fois
  • Le résultat moyen est 7 sur 10
Statistiques - réponses
Joueurs Clubs % Correct
Zinedine Zidane
92%
David Beckham
83%
Luis Suárez
83%
Ronaldinho
80%
Luis Figo
79%
Ronaldo
77%
Diego Maradona
71%
Johan Cruyff
59%
Franz Beckenbauer
31%
Roberto Baggio
19%
Aucun quiz correspondant
Distribution des résultats
% des personnes avec chaque résultat
Percentile par nombre de réponses
Votre historique - résultats
Vous n’avez pas pris ce quiz